[Event "DEM U16 2025"]
[Site "Willingen GER"]
[Date "2025.06.11"]
[Round "6"]
[White "Marcziter, Alex"]
[Black "Jahnz, Laurin"]
[Result "1/2-1/2"]
[Termination "normal"]
[Board "5"]
[BlackTitle "CM"]
[WhiteElo "2102"]
[BlackElo "2221"]
[WhiteClock "01:00:23"]
[BlackClock "00:35:00"]
[PlyCount "41"]
[WhiteFideId "16258126"]
[BlackFideId "16261089"]
[EventCountry "GER"]
[EventRounds "9"]
[EventType "swiss"]
[EventDate "2025.06.07"]

1. e4 {[%clk 01:30:44]} {[%emt 00:00:14]} c5 {[%clk 01:30:46]} {[%emt
00:00:15]} 2. Nf3 {[%clk 01:30:01]} {[%emt 00:01:12]} Nc6 {[%clk 01:31:04]}
{[%emt 00:00:14]} 3. d3 {[%clk 01:29:14]} {[%emt 00:01:16]} e6 {[%clk
01:28:31]} {[%emt 00:03:03]} 4. g3 {[%clk 01:28:38]} {[%emt 00:01:05]} Nf6
{[%clk 01:28:28]} {[%emt 00:00:33]} 5. Bg2 {[%clk 01:27:52]} {[%emt 00:01:16]}
d5 {[%clk 01:23:43]} {[%emt 00:05:16]} 6. Nbd2 {[%clk 01:26:47]} {[%emt
00:01:34]} Be7 {[%clk 01:22:37]} {[%emt 00:01:37]} 7. O-O {[%clk 01:25:50]}
{[%emt 00:01:27]} O-O {[%clk 01:22:33]} {[%emt 00:00:35]} 8. Re1 {[%clk
01:23:49]} {[%emt 00:02:30]} Rb8 {[%clk 01:19:52]} {[%emt 00:03:11]} 9. e5
{[%clk 01:21:50]} {[%emt 00:02:28]} Nd7 {[%clk 01:20:10]} {[%emt 00:00:13]} 10.
Nf1 {[%clk 01:20:38]} {[%emt 00:01:41]} b5 {[%clk 01:12:41]} {[%emt 00:08:00]}
11. h4 {[%clk 01:19:16]} {[%emt 00:01:51]} Nd4 {[%clk 01:06:29]} {[%emt
00:06:43]} 12. Bf4 {[%clk 01:14:55]} {[%emt 00:04:51]} Nxf3+ {[%clk 01:03:25]}
{[%emt 00:03:34]} 13. Bxf3 {[%clk 01:14:29]} {[%emt 00:00:56]} d4 {[%clk
01:00:08]} {[%emt 00:03:48]} 14. Nd2 {[%clk 01:11:10]} {[%emt 00:03:48]} Nb6
{[%clk 00:58:43]} {[%emt 00:01:55]} 15. Ne4 {[%clk 01:09:39]} {[%emt 00:02:01]}
Bb7 {[%clk 00:52:49]} {[%emt 00:06:25]} 16. Qd2 {[%clk 01:05:55]} {[%emt
00:04:12]} Nd5 {[%clk 00:45:04]} {[%emt 00:08:15]} 17. Bg5 {[%clk 01:04:17]}
{[%emt 00:02:08]} Qc7 {[%clk 00:36:23]} {[%emt 00:09:12]} 18. Bxe7 {[%clk
01:03:34]} {[%emt 00:01:13]} Qxe7 {[%clk 00:36:44]} {[%emt 00:00:08]} 19. Qg5
{[%clk 01:02:59]} {[%emt 00:01:05]} Qxg5 {[%clk 00:34:58]} {[%emt 00:02:16]}
20. hxg5 {[%clk 01:03:00]} {[%emt 00:00:27]} Nb4 {[%clk 00:35:00]} {[%emt
00:00:31]} 21. Rec1 {[%clk 01:00:23]} {[%emt 00:03:07]} Bd5 {[%clk 00:30:00]}
{[%emt 00:05:30]} 22. Bg2 {[%clk 00:57:24]} {[%emt 00:03:28]} c4 {[%clk
00:27:07]} {[%emt 00:03:23]} 23. a3 {[%clk 00:53:41]} {[%emt 00:04:14]} Nc6
{[%clk 00:26:50]} {[%emt 00:00:47]} 24. f4 {[%clk 00:52:54]} {[%emt 00:01:16]}
Ne7 {[%clk 00:17:37]} {[%emt 00:09:44]} 25. Nd2 {[%clk 00:51:43]} {[%emt
00:01:41]} Bxg2 {[%clk 00:16:26]} {[%emt 00:01:41]} 26. Kxg2 {[%clk 00:52:05]}
{[%emt 00:00:08]} Rfc8 {[%clk 00:15:21]} {[%emt 00:01:35]} 27. Nf1 {[%clk
00:50:40]} {[%emt 00:01:53]} Nd5 {[%clk 00:14:36]} {[%emt 00:01:17]} 28. Kf3
{[%clk 00:50:09]} {[%emt 00:01:01]} g6 {[%clk 00:11:18]} {[%emt 00:03:49]} 29.
Ke4 {[%clk 00:49:53]} {[%emt 00:00:45]} 1/2-1/2

[Event "DEM U16 2025"]
[Site "Willingen GER"]
[Date "2025.06.11"]
[Round "6"]
[White "Nuñez Grégoire, Daniel"]
[Black "Nönnig, Jakob"]
[Result "1-0"]
[Termination "normal"]
[Board "6"]
[WhiteElo "2167"]
[BlackElo "2096"]
[WhiteClock "00:56:42"]
[BlackClock "00:01:30"]
[PlyCount "119"]
[WhiteFideId "34627103"]
[BlackFideId "16289447"]
[EventCountry "GER"]
[EventRounds "9"]
[EventType "swiss"]
[EventDate "2025.06.07"]

1. d4 {[%clk 01:30:59]} d5 {[%clk 01:30:47]} {[%emt 00:00:13]} 2. c4 {[%clk
01:31:26]} {[%emt 00:00:03]} e6 {[%clk 01:31:06]} {[%emt 00:00:10]} 3. Nf3
{[%clk 01:31:53]} {[%emt 00:00:03]} Nf6 {[%clk 01:31:26]} {[%emt 00:00:11]} 4.
Nc3 {[%clk 01:32:17]} {[%emt 00:00:05]} Be7 {[%clk 01:31:19]} {[%emt 00:00:37]}
5. Bf4 {[%clk 01:32:46]} {[%emt 00:00:01]} O-O {[%clk 01:31:12]} {[%emt
00:00:38]} 6. e3 {[%clk 01:33:13]} {[%emt 00:00:03]} b6 {[%clk 01:26:32]}
{[%emt 00:05:11]} 7. Qc2 {[%clk 01:33:38]} {[%emt 00:00:04]} c6 {[%clk
01:20:03]} {[%emt 00:06:59]} 8. Bd3 {[%clk 01:30:45]} {[%emt 00:03:23]} Bb7
{[%clk 01:17:40]} {[%emt 00:02:53]} 9. O-O {[%clk 01:29:48]} {[%emt 00:01:26]}
Na6 {[%clk 01:16:04]} {[%emt 00:02:07]} 10. a3 {[%clk 01:28:45]} {[%emt
00:01:33]} c5 {[%clk 01:13:01]} {[%emt 00:03:31]} 11. Rfd1 {[%clk 01:25:33]}
{[%emt 00:03:43]} h6 {[%clk 01:09:39]} {[%emt 00:03:52]} 12. Rac1 {[%clk
01:24:27]} {[%emt 00:01:35]} cxd4 {[%clk 01:05:41]} {[%emt 00:04:29]} 13. Nxd4
{[%clk 01:22:31]} {[%emt 00:02:26]} Nc5 {[%clk 00:59:10]} {[%emt 00:07:01]} 14.
Be2 {[%clk 01:17:47]} {[%emt 00:05:15]} Bd6 {[%clk 00:53:38]} {[%emt 00:06:02]}
15. Bxd6 {[%clk 01:16:05]} {[%emt 00:02:12]} Qxd6 {[%clk 00:54:06]} {[%emt
00:00:02]} 16. b4 {[%clk 01:14:51]} {[%emt 00:01:44]} Nce4 {[%clk 00:48:30]}
{[%emt 00:06:06]} 17. Nxe4 {[%clk 01:10:00]} {[%emt 00:05:20]} Nxe4 {[%clk
00:48:17]} {[%emt 00:00:44]} 18. c5 {[%clk 01:07:01]} {[%emt 00:03:28]} Qe7
{[%clk 00:38:11]} {[%emt 00:10:36]} 19. c6 {[%clk 01:04:49]} {[%emt 00:02:42]}
Bc8 {[%clk 00:38:22]} {[%emt 00:00:18]} 20. Bd3 {[%clk 01:02:44]} {[%emt
00:02:36]} Nd6 {[%clk 00:34:57]} {[%emt 00:03:56]} 21. Nb5 {[%clk 00:58:58]}
{[%emt 00:04:15]} Nxb5 {[%clk 00:30:31]} {[%emt 00:04:56]} 22. Bxb5 {[%clk
00:59:06]} {[%emt 00:00:23]} a6 {[%clk 00:29:22]} {[%emt 00:01:39]} 23. Be2
{[%clk 00:58:19]} {[%emt 00:01:16]} Ra7 {[%clk 00:21:33]} {[%emt 00:08:20]} 24.
e4 {[%clk 00:56:06]} {[%emt 00:02:42]} dxe4 {[%clk 00:19:54]} {[%emt 00:02:09]}
25. Qxe4 {[%clk 00:54:34]} {[%emt 00:02:01]} b5 {[%clk 00:13:14]} {[%emt
00:07:10]} 26. Bd3 {[%clk 00:53:47]} {[%emt 00:01:17]} g6 {[%clk 00:12:56]}
{[%emt 00:00:48]} 27. Qe3 {[%clk 00:53:24]} {[%emt 00:00:52]} h5 {[%clk
00:10:55]} {[%emt 00:02:32]} 28. Qb6 {[%clk 00:53:17]} {[%emt 00:00:37]} Qc7
{[%clk 00:10:26]} {[%emt 00:00:59]} 29. Qc5 {[%clk 00:52:37]} {[%emt 00:01:10]}
Re8 {[%clk 00:08:40]} {[%emt 00:02:16]} 30. Be4 {[%clk 00:50:27]} {[%emt
00:02:40]} Re7 {[%clk 00:07:17]} {[%emt 00:01:53]} 31. Rd6 {[%clk 00:49:24]}
{[%emt 00:01:32]} e5 {[%clk 00:05:04]} {[%emt 00:02:44]} 32. Rcd1 {[%clk
00:47:38]} {[%emt 00:02:16]} Kg7 {[%clk 00:04:53]} {[%emt 00:00:41]} 33. h4
{[%clk 00:45:36]} {[%emt 00:02:32]} Bg4 {[%clk 00:03:22]} {[%emt 00:02:02]} 34.
f3 {[%clk 00:45:06]} {[%emt 00:00:59]} Bc8 {[%clk 00:03:48]} {[%emt 00:00:04]}
35. Qe3 {[%clk 00:44:31]} {[%emt 00:01:05]} Re6 {[%clk 00:01:31]} {[%emt
00:02:47]} 36. Rd7 {[%clk 00:43:05]} {[%emt 00:01:56]} Bxd7 {[%clk 00:00:37]}
{[%emt 00:01:24]} 37. cxd7 {[%clk 00:41:17]} {[%emt 00:02:18]} Qxd7 {[%clk
00:00:34]} {[%emt 00:00:33]} 38. Rxd7 {[%clk 00:41:26]} {[%emt 00:00:21]} Rxd7
{[%clk 00:01:02]} {[%emt 00:00:03]} 39. Qg5 {[%clk 00:40:36]} {[%emt 00:01:19]}
Rd1+ {[%clk 00:00:50]} {[%emt 00:00:42]} 40. Kh2 {[%clk 00:40:28]} {[%emt
00:00:39]} Rd4 {[%clk 00:00:39]} {[%emt 00:00:41]} 41. Kh3 {[%clk 00:38:19]}
{[%emt 00:02:38]} Re8 {[%clk 00:26:38]} {[%emt 00:04:32]} 42. Bb7 {[%clk
01:07:04]} {[%emt 00:01:46]} Rd6 {[%clk 00:26:04]} {[%emt 00:01:03]} 43. Qe3
{[%clk 01:05:46]} {[%emt 00:01:48]} Re7 {[%clk 00:21:20]} {[%emt 00:05:13]} 44.
Qc5 {[%clk 01:03:39]} {[%emt 00:02:38]} Red7 {[%clk 00:13:19]} {[%emt
00:08:31]} 45. Bc8 {[%clk 01:00:40]} {[%emt 00:03:28]} Rd8 {[%clk 00:11:25]}
{[%emt 00:02:25]} 46. Qxe5+ {[%clk 01:00:23]} {[%emt 00:00:47]} Kh7 {[%clk
00:11:39]} {[%emt 00:00:13]} 47. Qe7 {[%clk 00:59:33]} {[%emt 00:01:23]} Kg7
{[%clk 00:03:22]} {[%emt 00:08:47]} 48. Bxa6 {[%clk 00:57:17]} {[%emt
00:02:47]} R8d7 {[%clk 00:03:45]} {[%emt 00:00:07]} 49. Qe5+ {[%clk 00:57:07]}
{[%emt 00:00:39]} f6 {[%clk 00:04:09]} {[%emt 00:00:07]} 50. Qe8 {[%clk
00:56:26]} {[%emt 00:01:11]} g5 {[%clk 00:00:31]} {[%emt 00:04:08]} 51. Bxb5
{[%clk 00:56:09]} {[%emt 00:00:46]} Ra7 {[%clk 00:00:32]} {[%emt 00:00:29]} 52.
Bc4 {[%clk 00:55:49]} {[%emt 00:00:51]} Rd4 {[%clk 00:00:33]} {[%emt 00:00:29]}
53. Qg8+ {[%clk 00:55:31]} {[%emt 00:00:48]} Kh6 {[%clk 00:01:02]} {[%emt
00:00:02]} 54. Bf7 {[%clk 00:55:37]} {[%emt 00:00:23]} g4+ {[%clk 00:00:36]}
{[%emt 00:00:56]} 55. Kg3 {[%clk 00:55:35]} {[%emt 00:00:32]} Rxf7 {[%clk
00:00:32]} {[%emt 00:00:35]} 56. Qxf7 {[%clk 00:55:51]} {[%emt 00:00:12]} Rd1
{[%clk 00:00:32]} {[%emt 00:00:30]} 57. Qxf6+ {[%clk 00:55:58]} {[%emt
00:00:24]} Kh7 {[%clk 00:00:55]} {[%emt 00:00:06]} 58. Qf5+ {[%clk 00:56:13]}
{[%emt 00:00:15]} Kg7 {[%clk 00:01:08]} {[%emt 00:00:17]} 59. Qg5+ {[%clk
00:56:27]} {[%emt 00:00:17]} Kf8 {[%clk 00:01:30]} {[%emt 00:00:07]} 60. Qxh5
{[%clk 00:56:42]} {[%emt 00:00:15]} 1-0

[Event "DEM U16 2025"]
[Site "Willingen GER"]
[Date "2025.06.11"]
[Round "6"]
[White "Zobel, Christian"]
[Black "Burkart, Lloyd Shang"]
[Result "1-0"]
[Termination "normal"]
[Board "7"]
[WhiteTitle "CM"]
[WhiteElo "2158"]
[BlackElo "2082"]
[WhiteClock "01:06:26"]
[BlackClock "00:31:33"]
[PlyCount "38"]
[WhiteFideId "16259068"]
[BlackFideId "16239059"]
[EventCountry "GER"]
[EventRounds "9"]
[EventType "swiss"]
[EventDate "2025.06.07"]

1. d4 {[%clk 01:30:55]} {[%emt 00:00:04]} Nf6 {[%clk 01:30:53]} {[%emt
00:00:08]} 2. c4 {[%clk 01:31:00]} {[%emt 00:00:26]} e6 {[%clk 01:31:15]}
{[%emt 00:00:07]} 3. Nc3 {[%clk 01:31:24]} {[%emt 00:00:05]} Bb4 {[%clk
01:31:40]} {[%emt 00:00:06]} 4. Qc2 {[%clk 01:31:47]} {[%emt 00:00:07]} O-O
{[%clk 01:31:53]} {[%emt 00:00:17]} 5. a3 {[%clk 01:31:19]} {[%emt 00:00:58]}
Bxc3+ {[%clk 01:29:11]} {[%emt 00:03:12]} 6. Qxc3 {[%clk 01:31:28]} {[%emt
00:00:21]} b6 {[%clk 01:29:19]} {[%emt 00:00:22]} 7. e3 {[%clk 01:28:10]}
{[%emt 00:03:50]} Bb7 {[%clk 01:29:22]} {[%emt 00:00:26]} 8. f3 {[%clk
01:27:58]} {[%emt 00:00:42]} d5 {[%clk 01:23:26]} {[%emt 00:06:25]} 9. Bd3
{[%clk 01:26:37]} {[%emt 00:01:52]} Nbd7 {[%clk 01:22:14]} {[%emt 00:01:41]}
10. Ne2 {[%clk 01:25:13]} {[%emt 00:01:55]} Rc8 {[%clk 01:19:56]} {[%emt
00:02:48]} 11. O-O {[%clk 01:19:58]} {[%emt 00:05:45]} c5 {[%clk 01:16:13]}
{[%emt 00:04:12]} 12. b3 {[%clk 01:16:33]} {[%emt 00:03:56]} cxd4 {[%clk
01:14:59]} {[%emt 00:01:43]} 13. exd4 {[%clk 01:16:40]} {[%emt 00:00:24]} dxc4
{[%clk 01:14:23]} {[%emt 00:01:05]} 14. bxc4 {[%clk 01:17:09]} {[%emt
00:00:02]} b5 {[%clk 00:43:47]} {[%emt 00:31:06]} 15. c5 {[%clk 01:14:50]}
{[%emt 00:02:48]} Bc6 {[%clk 00:41:31]} {[%emt 00:02:45]} 16. Bg5 {[%clk
01:10:45]} {[%emt 00:04:36]} h6 {[%clk 00:40:53]} {[%emt 00:01:08]} 17. Bh4
{[%clk 01:10:56]} {[%emt 00:00:19]} a6 {[%clk 00:37:06]} {[%emt 00:04:17]} 18.
f4 {[%clk 01:06:29]} {[%emt 00:04:57]} Nd5 {[%clk 00:32:52]} {[%emt 00:04:44]}
19. Qe1 {[%clk 01:06:26]} {[%emt 00:00:33]} N7f6 {[%clk 00:31:33]} {[%emt
00:01:48]} 20. Qf2 {[%clk 01:00:41]} {[%emt 00:06:16]} Qc7 {[%clk 00:29:54]}
{[%emt 00:02:09]} 21. h3 {[%clk 01:00:23]} {[%emt 00:00:48]} Bb7 {[%clk
00:22:21]} {[%emt 00:08:04]} 22. Ng3 {[%clk 00:52:17]} {[%emt 00:08:35]} g6
{[%clk 00:20:08]} {[%emt 00:02:43]} 23. Bxf6 {[%clk 00:47:21]} {[%emt
00:05:27]} Nxf6 {[%clk 00:20:31]} {[%emt 00:00:06]} 24. f5 {[%clk 00:45:37]}
{[%emt 00:02:14]} g5 {[%clk 00:13:15]} {[%emt 00:07:46]} 25. fxe6 {[%clk
00:43:01]} {[%emt 00:03:06]} fxe6 {[%clk 00:13:41]} {[%emt 00:00:04]} 26. Qe3
{[%clk 00:42:46]} {[%emt 00:00:46]} Qc6 {[%clk 00:11:23]} {[%emt 00:02:47]} 27.
Ra2 {[%clk 00:41:01]} {[%emt 00:02:15]} Rce8 {[%clk 00:09:32]} {[%emt
00:02:21]} 28. Raf2 {[%clk 00:35:35]} {[%emt 00:05:57]} a5 {[%clk 00:08:03]}
{[%emt 00:01:59]} 29. Qe2 {[%clk 00:35:02]} {[%emt 00:01:02]} Nd5 {[%clk
00:05:13]} {[%emt 00:03:20]} 30. Qe4 {[%clk 00:33:27]} {[%emt 00:02:06]} Rxf2
{[%clk 00:05:11]} {[%emt 00:00:32]} 31. Qh7+ {[%clk 00:32:58]} {[%emt
00:00:58]} Kf8 {[%clk 00:05:39]} {[%emt 00:00:03]} 32. Rxf2+ {[%clk 00:33:10]}
{[%emt 00:00:17]} Nf4 {[%clk 00:06:07]} {[%emt 00:00:02]} 33. Qxh6+ {[%clk
00:33:28]} {[%emt 00:00:13]} Kf7 {[%clk 00:05:46]} {[%emt 00:00:50]} 34. Qg6+
{[%clk 00:32:41]} {[%emt 00:01:17]} Kf8 {[%clk 00:06:14]} {[%emt 00:00:03]} 35.
Qf6+ {[%clk 00:32:55]} {[%emt 00:00:14]} Kg8 {[%clk 00:06:32]} {[%emt
00:00:13]} 36. Qxg5+ {[%clk 00:33:20]} {[%emt 00:00:06]} 1-0

[Event "DEM U16 2025"]
[Site "Willingen GER"]
[Date "2025.06.11"]
[Round "6"]
[White "Fruth, David"]
[Black "Lu, Yunong Elias"]
[Result "0-1"]
[Termination "normal"]
[Board "8"]
[WhiteElo "2131"]
[BlackElo "2072"]
[WhiteClock "00:33:05"]
[BlackClock "01:01:33"]
[PlyCount "42"]
[WhiteFideId "16257596"]
[BlackFideId "16276426"]
[EventCountry "GER"]
[EventRounds "9"]
[EventType "swiss"]
[EventDate "2025.06.07"]

1. e4 {[%clk 01:30:41]} {[%emt 00:00:18]} e5 {[%clk 01:30:56]} {[%emt
00:00:05]} 2. Nf3 {[%clk 01:31:07]} {[%emt 00:00:04]} Nc6 {[%clk 01:31:22]}
{[%emt 00:00:03]} 3. Bb5 {[%clk 01:31:34]} {[%emt 00:00:04]} a6 {[%clk
01:31:49]} {[%emt 00:00:03]} 4. Ba4 {[%clk 01:31:59]} {[%emt 00:00:05]} Nf6
{[%clk 01:32:14]} {[%emt 00:00:04]} 5. O-O {[%clk 01:32:24]} {[%emt 00:00:05]}
b5 {[%clk 01:32:43]} {[%emt 00:00:02]} 6. Bb3 {[%clk 01:32:49]} {[%emt
00:00:05]} Bc5 {[%clk 01:33:09]} {[%emt 00:00:04]} 7. Nxe5 {[%clk 01:31:51]}
{[%emt 00:01:28]} Nxe5 {[%clk 01:33:09]} {[%emt 00:00:29]} 8. d4 {[%clk
01:32:19]} {[%emt 00:00:02]} Bxd4 {[%clk 01:32:22]} {[%emt 00:01:18]} 9. Qxd4
{[%clk 01:30:28]} {[%emt 00:02:22]} d6 {[%clk 01:32:42]} {[%emt 00:00:08]} 10.
f4 {[%clk 01:24:00]} {[%emt 00:06:58]} c5 {[%clk 01:26:32]} {[%emt 00:06:41]}
11. Qc3 {[%clk 01:21:20]} {[%emt 00:03:10]} Nc6 {[%clk 01:23:45]} {[%emt
00:03:15]} 12. e5 {[%clk 01:20:29]} {[%emt 00:01:22]} Nd4 {[%clk 01:22:16]}
{[%emt 00:01:58]} 13. Re1 {[%clk 01:18:03]} {[%emt 00:02:57]} dxe5 {[%clk
01:21:00]} {[%emt 00:01:46]} 14. fxe5 {[%clk 01:12:30]} {[%emt 00:06:03]} Nd7
{[%clk 01:16:36]} {[%emt 00:04:54]} 15. e6 {[%clk 01:12:11]} {[%emt 00:00:49]}
fxe6 {[%clk 01:15:45]} {[%emt 00:01:21]} 16. Bxe6 {[%clk 01:12:34]} {[%emt
00:00:06]} Nxe6 {[%clk 01:15:03]} {[%emt 00:01:13]} 17. Qxg7 {[%clk 01:05:16]}
{[%emt 00:07:47]} Qf6 {[%clk 01:13:03]} {[%emt 00:02:31]} 18. Rxe6+ {[%clk
01:05:32]} {[%emt 00:00:13]} Qxe6 {[%clk 01:13:31]} {[%emt 00:00:02]} 19. Qxh8+
{[%clk 01:05:54]} {[%emt 00:00:08]} Nf8 {[%clk 01:13:59]} {[%emt 00:00:02]} 20.
Nd2 {[%clk 00:32:52]} {[%emt 00:33:33]} Qe3+ {[%clk 01:01:53]} {[%emt
00:12:36]} 21. Kf1 {[%clk 00:33:05]} {[%emt 00:00:17]} Be6 {[%clk 01:01:33]}
{[%emt 00:00:49]} 22. Qf6 {[%clk 00:31:32]} {[%emt 00:02:03]} Rd8 {[%clk
01:01:37]} {[%emt 00:00:26]} 23. Qf3 {[%clk 00:27:10]} {[%emt 00:04:52]} Qxf3+
{[%clk 00:59:49]} {[%emt 00:02:18]} 24. Nxf3 {[%clk 00:24:14]} {[%emt
00:03:26]} Rd1+ {[%clk 00:59:36]} {[%emt 00:00:43]} 25. Ke2 {[%clk 00:24:38]}
{[%emt 00:00:06]} Rh1 {[%clk 01:00:01]} {[%emt 00:00:05]} 26. b3 {[%clk
00:23:45]} {[%emt 00:01:25]} c4 {[%clk 00:56:52]} {[%emt 00:03:39]} 27. h3
{[%clk 00:19:09]} {[%emt 00:05:05]} Ng6 {[%clk 00:56:13]} {[%emt 00:01:09]} 28.
Ne1 {[%clk 00:13:52]} {[%emt 00:05:47]} a5 {[%clk 00:55:38]} {[%emt 00:01:05]}
29. Bg5 {[%clk 00:11:16]} {[%emt 00:03:07]} Ne5 {[%clk 00:47:49]} {[%emt
00:08:19]} 30. Bf4 {[%clk 00:05:09]} {[%emt 00:06:37]} Nc6 {[%clk 00:47:59]}
{[%emt 00:00:20]} 31. Rd1 {[%clk 00:04:18]} {[%emt 00:01:21]} cxb3 {[%clk
00:47:29]} {[%emt 00:01:01]} 32. axb3 {[%clk 00:03:29]} {[%emt 00:01:19]} a4
{[%clk 00:46:12]} {[%emt 00:01:47]} 33. bxa4 {[%clk 00:01:21]} {[%emt
00:02:39]} bxa4 {[%clk 00:46:38]} {[%emt 00:00:03]} 34. Ra1 {[%clk 00:01:02]}
{[%emt 00:00:49]} Bc4+ {[%clk 00:47:03]} {[%emt 00:00:04]} 35. Kd2 {[%clk
00:01:20]} {[%emt 00:00:12]} Rf1 {[%clk 00:47:09]} {[%emt 00:00:24]} 36. Be3
{[%clk 00:00:53]} {[%emt 00:00:58]} Bb5 {[%clk 00:45:17]} {[%emt 00:02:22]} 37.
Rb1 {[%clk 00:01:02]} {[%emt 00:00:21]} a3 {[%clk 00:42:53]} {[%emt 00:02:55]}
38. Rxb5 {[%clk 00:00:33]} {[%emt 00:00:58]} a2 {[%clk 00:43:18]} {[%emt
00:00:05]} 39. Bd4 {[%clk 00:00:58]} {[%emt 00:00:05]} Nxd4 {[%clk 00:43:40]}
{[%emt 00:00:08]} 40. Ra5 {[%clk 00:00:48]} {[%emt 00:00:40]} Rxe1 {[%clk
00:43:55]} {[%emt 00:00:15]} 41. Rxa2 {[%clk 00:00:44]} {[%emt 00:00:33]} Rg1
{[%clk 00:43:37]} {[%emt 00:00:48]} 42. Ra8+ {[%clk 00:00:59]} {[%emt
00:00:16]} Kf7 {[%clk 00:40:11]} {[%emt 00:03:55]} 43. Ra7+ {[%clk 00:00:48]}
{[%emt 00:00:41]} Kg6 {[%clk 00:40:23]} {[%emt 00:00:18]} 44. Ra6+ {[%clk
00:01:13]} {[%emt 00:00:06]} Kg7 {[%clk 00:40:47]} {[%emt 00:00:04]} 45. Ra7+
{[%clk 00:01:36]} {[%emt 00:00:08]} Kg6 {[%clk 00:40:35]} {[%emt 00:00:42]} 46.
Ra6+ {[%clk 00:02:03]} {[%emt 00:00:04]} Kg5 {[%clk 00:40:53]} {[%emt
00:00:08]} 47. h4+ {[%clk 00:29:14]} {[%emt 00:03:23]} Kh5 {[%clk 01:10:31]}
{[%emt 00:00:50]} 48. Ra5+ {[%clk 00:29:06]} {[%emt 00:00:39]} Kxh4 {[%clk
01:10:16]} {[%emt 00:00:46]} 49. Ra4 {[%clk 00:29:28]} {[%emt 00:00:07]} Rxg2+
{[%clk 01:10:40]} {[%emt 00:00:05]} 50. Kd3 {[%clk 00:29:46]} {[%emt 00:00:13]}
Rg3+ {[%clk 01:11:07]} {[%emt 00:00:04]} 51. Ke4 {[%clk 00:27:33]} {[%emt
00:02:42]} Rg4+ {[%clk 01:08:42]} {[%emt 00:02:55]} 52. Kd3 {[%clk 00:27:46]}
{[%emt 00:00:17]} Ne6 {[%clk 01:09:01]} {[%emt 00:00:10]} 53. Ra1 {[%clk
00:27:54]} {[%emt 00:00:23]} h5 {[%clk 01:09:18]} {[%emt 00:00:13]} 54. c4
{[%clk 00:28:19]} {[%emt 00:00:05]} Nc5+ {[%clk 01:09:38]} {[%emt 00:00:10]}
55. Kc3 {[%clk 00:28:30]} {[%emt 00:00:19]} Nd7 {[%clk 01:09:16]} {[%emt
00:00:51]} 56. Kd3 {[%clk 00:27:56]} {[%emt 00:01:05]} Ne5+ {[%clk 01:09:41]}
{[%emt 00:00:05]} 57. Ke3 {[%clk 00:28:21]} {[%emt 00:00:05]} Nxc4+ {[%clk
01:10:04]} {[%emt 00:00:08]} 58. Kf3 {[%clk 00:28:47]} {[%emt 00:00:03]} Ne5+
{[%clk 01:10:31]} {[%emt 00:00:04]} 59. Kf2 {[%clk 00:29:12]} {[%emt 00:00:04]}
Kg5 {[%clk 01:10:28]} {[%emt 00:00:31]} 60. Ra5 {[%clk 00:29:39]} {[%emt
00:00:04]} Kf5 {[%clk 01:10:50]} {[%emt 00:00:09]} 61. Ra3 {[%clk 00:29:30]}
{[%emt 00:00:39]} h4 {[%clk 01:10:20]} {[%emt 00:01:00]} 62. Rb3 {[%clk
00:29:52]} {[%emt 00:00:07]} Rc4 {[%clk 01:10:23]} {[%emt 00:00:27]} 63. Kg2
{[%clk 00:30:18]} {[%emt 00:00:04]} Kg4 {[%clk 01:10:48]} {[%emt 00:00:06]} 64.
Rb1 {[%clk 00:30:33]} {[%emt 00:00:15]} Nd3 {[%clk 01:11:12]} {[%emt 00:00:06]}
65. Kg1 {[%clk 00:30:51]} {[%emt 00:00:12]} Rc2 {[%clk 01:11:33]} {[%emt
00:00:08]} 66. Kh1 {[%clk 00:31:17]} {[%emt 00:00:04]} Rc1+ {[%clk 01:11:16]}
{[%emt 00:00:47]} 0-1